| 000 | 01544 a2200229 4500 | ||
|---|---|---|---|
| 001 | 25280 | ||
| 005 | 20260407155537.0 | ||
| 008 | 260407a2000 arg spa d | ||
| 003 | AR-UNSa-BCEJYS | ||
| 040 |
_aAR-UNSa-BCEJYS _bspa _cAR-UNSa-BCEJYS |
||
| 080 |
_a658 _xAdministración de empresas. Organización comercial |
||
| 245 | 1 | 0 | _aPrincipios de Administración |
| 020 | _a978-987-9094-79-2 | ||
| 250 | _a2a. ed | ||
| 264 | 1 |
_aCórdoba : _bEdiciones Eudecor _c2000 |
|
| 300 |
_a593 p. _c26 cm. |
||
| 505 | _aParte I : La administración y sus fundamnetos : 1. La administración y los administradores - 2. La evolución del pensamiento administrativo - 3. El entorno de las organizaciones - 4. Las organizaciones - Parte II : La toma de decisiones y el planeamiento : 5. La toma de decisiones - 6. El establecimiento de objetivos - 7. El planeamiento - Parte III : La acción de organizar y el establecimiento de estructuras : 8. El proceso de formulación estratégica - 9. La dinámica organizacional - 10. Los fundamentos de la estructura organizativa - 11. Las estructuras de la organización - Parte IV : La dirección de las organizaciones : 12. La dirección de las orgaizaciones - 13. La conducta humana en la organización - 14. El control - 15. La administración en las pequeñas y medianas empresas y las empresas familiares. | ||
| 942 | _cBK | ||
| 590 | _aniveau_biblio:m niveau_hierar:0 | ||
| 100 | 1 | _aAlvarez, Héctor Felipe | |
| 856 | 4 | 1 |
_uhttps://170.210.207.44/pmb/images/libros/L85701.jpg _yImagen de portada _qimage/jpeg |
| 999 |
_c1355 _d1355 |
||